Widok standardowy
Widok MARC
Pozycja Corporate Name
Liczba rekordów, w których użyto hasła: 2
001 - Numer kontrolny
- control field: 40942
003 - Identyfikator numeru kontrolnego
- control field: NUKAT
005 - Data i czas ostatniej modyfikacji
- control field: 20260429211953.0
008 - Dane kontrolne kodowane (40 znaków)
- fixed length control field: 070515n||a|znnaabn |a ana |c
010 ## - Numer kontrolny Biblioteki Kongresu
- numer kontrolny LC: n 2007032404
024 7# - OTHER STANDARD IDENTIFIER
- Standard number or code: 264148877
- Source of number or code: viaf
040 ## - Instytucja sporządzająca rekord
- inst. przygot. dane do rek. khw: POZN U/AS
- język haseł przedmiotowych/tezaurus: kaba
- inst. wprow. rek. khw: POZN U/AS
- inst. modyf. rek. khw: POZN U/JŁs
110 2# - Hasło - nazwa ciała zbiorowego
- nazwa ciała zbior. lub geogr. na pocz.: Towarzystwo Badania Zagadnień Międzynarodowych.
410 2# - Trop zob. - nazwa ciała zbiorowego
- nazwa ciała zbior. lub geogr. na pocz.: TBZM.
665 ## - Nota historyczna
- nota historyczna: Towarzystwo Badania Zagadnień Międzynarodowych powstało w grudniu 1926 i działało do 1939.
670 ## - Źródło informacji
- źródło informacji: Biuletyn Towarzystwa Badania Zagadnień Międzynarodowych za czas ... . - 8 grudnia (1926)-31 grudnia (1927).
670 ## - Źródło informacji
- źródło informacji: Polskie towarzystwa naukowe od XV wieku / oprac. Michał Flis [et al.]. - Warszawa, 1972.